<?xml version="1.0" encoding="UTF-8"?>
<record
    xmlns:xsi="http://www.w3.org/2001/XMLSchema-instance"
    xsi:schemaLocation="http://www.loc.gov/MARC21/slim http://www.loc.gov/standards/marcxml/schema/MARC21slim.xsd"
    xmlns="http://www.loc.gov/MARC21/slim">

  <leader>01894nam a22002897a 4500</leader>
  <controlfield tag="003">AR-RoUNCS</controlfield>
  <controlfield tag="005">20260414162149.0</controlfield>
  <controlfield tag="007">ta</controlfield>
  <controlfield tag="008">241213s1999    ag a||||r|||| 00| j spa d</controlfield>
  <datafield tag="020" ind1=" " ind2=" ">
    <subfield code="a">9509115326</subfield>
  </datafield>
  <datafield tag="040" ind1=" " ind2=" ">
    <subfield code="c">AR-RoUNCS</subfield>
    <subfield code="b">spa</subfield>
    <subfield code="d">AR-RoUNCS</subfield>
  </datafield>
  <datafield tag="041" ind1=" " ind2=" ">
    <subfield code="a">spa</subfield>
  </datafield>
  <datafield tag="100" ind1=" " ind2=" ">
    <subfield code="a">Roldan, Gustavo</subfield>
    <subfield code="e">autor</subfield>
  </datafield>
  <datafield tag="245" ind1="1" ind2="0">
    <subfield code="a">Cuentos que cuentan los indios / </subfield>
    <subfield code="c">Gustavo Rold&#xE1;n ; ilustraciones: Luis Scafati.</subfield>
  </datafield>
  <datafield tag="250" ind1=" " ind2=" ">
    <subfield code="a">1a ed.</subfield>
  </datafield>
  <datafield tag="260" ind1=" " ind2=" ">
    <subfield code="a">Buenos Aires : </subfield>
    <subfield code="b">Alfaguara,</subfield>
    <subfield code="c">1999.</subfield>
  </datafield>
  <datafield tag="300" ind1=" " ind2=" ">
    <subfield code="a">129 p. : </subfield>
    <subfield code="b">il. byn ; </subfield>
    <subfield code="c">20 cm.</subfield>
  </datafield>
  <datafield tag="490" ind1=" " ind2=" ">
    <subfield code="a">Alfaguara Juvenil</subfield>
  </datafield>
  <datafield tag="505" ind1="0" ind2=" ">
    <subfield code="a">LO QUE CUENTAN LOS TOBAS: </subfield>
    <subfield code="g">Esa inmensa oscuridad -- El tigre del cielo y el tigre del monte -- El origen del fuego -- El gran fuego -- El Arco Iris --Las estrellas blancas -- La Serpiente Arco Iris y las mujeres -- Dulce fue mi sue&#xF1;o -- Los monos -- La bruja can&#xED;bal -- Cuando llegue una paloma blanca.-</subfield>
  </datafield>
  <datafield tag="505" ind1="0" ind2=" ">
    <subfield code="a">LO QUE CUENTAN LOS MATACOS: </subfield>
    <subfield code="g">El origen del mundo -- Aventura de Tokwaj -- El robo del fuego -- Historia del Guayac&#xE1;n -- El zorro y la tigra -- Los socios sembradores. -- Cuando el tigre lo trag&#xF3; al mono.-</subfield>
  </datafield>
  <datafield tag="505" ind1="0" ind2=" ">
    <subfield code="a">LO QUE CUENTAN LOS GUARAN&#xCD;ES: </subfield>
    <subfield code="g">El origen del fuego -- Tup&#xE1; y A&#xF1;&#xE1; -- La risa y el canto -- El mono y el yaguaret&#xE9; -- El tigre y el tapir -- El yaguaret&#xE9; y el gato onza -- El grillo y el tigre -- El mono y el espantap&#xE1;jaros -- El mono, el hombre y el zorro -- El mono y la viejita.-</subfield>
  </datafield>
  <datafield tag="520" ind1=" " ind2=" ">
    <subfield code="a">Presenta la cultura de tres importantes grupos &#xE9;tnicos de nuestro pa&#xED;s: los tobas, los matacos y los guaran&#xED;es. Son cuentos que hablan de la creaci&#xF3;n y de los mitos, en un tiempo remoto en el que los animales hablaban con los hombres y los dioses participaban en asuntos de la tierra. Un libro &#xE1;gil, sabio, m&#xE1;gico y atrapante.</subfield>
  </datafield>
  <datafield tag="650" ind1=" " ind2=" ">
    <subfield code="2">embne</subfield>
    <subfield code="a">Literatura </subfield>
    <subfield code="z">Argentina</subfield>
  </datafield>
  <datafield tag="655" ind1=" " ind2=" ">
    <subfield code="a">F&#xE1;bulas </subfield>
  </datafield>
  <datafield tag="700" ind1=" " ind2=" ">
    <subfield code="a">Scafati, Luis, </subfield>
    <subfield code="d">1947-</subfield>
    <subfield code="e">il.</subfield>
  </datafield>
  <datafield tag="942" ind1=" " ind2=" ">
    <subfield code="2">udc</subfield>
    <subfield code="c">OG</subfield>
    <subfield code="n">0</subfield>
  </datafield>
  <datafield tag="999" ind1=" " ind2=" ">
    <subfield code="c">406</subfield>
    <subfield code="d">406</subfield>
  </datafield>
  <datafield tag="952" ind1=" " ind2=" ">
    <subfield code="0">0</subfield>
    <subfield code="1">0</subfield>
    <subfield code="2">udc</subfield>
    <subfield code="4">0</subfield>
    <subfield code="7">0</subfield>
    <subfield code="8">CG</subfield>
    <subfield code="a">ESOCIALES</subfield>
    <subfield code="b">ESOCIALES</subfield>
    <subfield code="d">2024-12-13</subfield>
    <subfield code="e">Donaci&#xF3;n 2024</subfield>
    <subfield code="l">0</subfield>
    <subfield code="o">82-34(82) R744</subfield>
    <subfield code="p">001322</subfield>
    <subfield code="r">2024-12-13 00:00:00</subfield>
    <subfield code="w">2024-12-13</subfield>
    <subfield code="y">OG</subfield>
  </datafield>
</record>
